• 首页
  • 本馆介绍
  • 公告通知
  • 最新文献
  • 馆藏检索
  • 电子资源
  • 读者导购
  • 参考咨询
  • 我的图书馆
  • 登录
  • 详细信息显示
  • 放入我的书架
  • 预约/预借图书
  • 作者相关作品
  • 分类相关作品
  • 丛书相关作品
  • 出版社相关作品

书目信息

  • 表格格式
  • 工作单格式
  • 卡片格式
题名:
自然辩证法杂志
    
 
作者:
分册: 一九七三年第二期(总第二期)  
出版信息: 上海   上海人民出版社  1973
页数: 206页
开本: 19cm
丛书名:
单 册:
中图分类: N031
科图分类:
主题词: 自然辩证法--期刊
电子资源:
ISBN: 2171.51
000 00588nam0 2200217 450
001 0000000000
005 20100713172433.0
010    @a2171.51@dCNY0.48
091    @a2171.51@dCNY0.48
100    @a20090612d1973 em y0chiy0121 ea
101 0  @achi
102    @aCN@b310000
105    @ay z 000yy
106    @ar
200 1  @a自然辩证法杂志@9Zi Ran Bian Zheng Fa Za Zhi @h一九七三年第二期(总第二期)
210    @a上海@c上海人民出版社@d1973
215    @a206页@d19cm
606 0  @a自然辩证法@j期刊
690    @aN031@v4
801  0 @aCN@bAzMarc@c20130904
905    @aBZT@dN031@e13@f1@sN031/13
    
    自然辩证法杂志.一九七三年第二期(总第二期).-上海:上海人民出版社,1973
    206页;19cm
    
    
    ISBN 2171.51:CNY0.48
    
●
相关链接 在五车中查询图书 在当当中查询图书 在豆瓣中查询图书


正题名:自然辩证法杂志     索取号:N031/13         预约/预借

序号 登录号 条形码 馆藏地/架位号 状态 备注
1 2000125875   2000125875   旧书回溯/ [索取号:N031/13] 在馆    
山东省滨州职业学院图书馆 欢迎您!
大连网信软件有限公司© 版权所有